00230nam a2200085Ia 4500008004100000082001900041245004400060260002900104300001100133230907s9999||||xx |||||||||||||| ||und|| a333.79323bSHA 0aRestructured electrical power systems : aCRC,bBoca Raton :c2018 a510 p.